Welcome to the Holygrace Academy Library

Please use search bar below to get started

IN SPITE OF THE GODS (Record no. 1610)

MARC details
000 -LEADER
fixed length control field 00304nam a22001337a 4500
020 ## - INTERNATIONAL STANDARD BOOK NUMBER
ISBN 978-0-349-11874-1
082 ## - DEWEY DECIMAL CLASSIFICATION NUMBER
Classification number 900
Item number LUC/I
100 ## - MAIN ENTRY--AUTHOR NAME
Personal name LUCE, EDWARD
245 ## - TITLE STATEMENT
Title IN SPITE OF THE GODS
260 ## - PUBLICATION, DISTRIBUTION, ETC. (IMPRINT)
Place of publication GREAT BRITAIN
Name of publisher ABACUS
Year of publication 2006
300 ## - PHYSICAL DESCRIPTION
Number of Pages 399
650 ## - SUBJECT ADDED ENTRY--TOPICAL TERM
Topical Term HISTORY REFERENCE
Geographic subdivision INDIA
942 ## - ADDED ENTRY ELEMENTS (KOHA)
Koha item type Books
Holdings
Withdrawn status Lost status Collection code Home library Current library Shelving location Date acquired Source of acquisition Full call number Accession Number Koha item type
    Reference Main Library Main Library SHELF-5 H REFERENCE SOCIAL SCIENCE 18/09/2014 purchase 900 LUC/I 07576 Books